Sistema de información web para la gestión de cursos libres en la Facultad de Ciencias y Sistemas

La investigación presenta la implementación de un sistema web que permita la gestión de los cursos libres de la Facultad de Ciencias y Sistemas. Se diseña el sistema web aplicando la metodología de ingeniería web basada en el lenguaje de modelado unificado.

Bibliographic Details
Main Authors: Chávez Toruño, Gabriel Ignacio, Chévez Angulo, Michael Bryang
Other Authors: Tutor: Espinoza Aragón, Evelyn del Carmenn
Format: Tesis Section = Libro
Language:Undetermined
Spanish
Published: Managua UNI 2017
Subjects:
LEADER 01150nam a2200277Ia 4500
008 240830s9999 xx 000 0 und d
040 |a BIBLIOTECA-RUPAP Mon 005.1 Ch512 
041 |a spa 
082 |a Mon 005.1 Ch512 
100 1 |a Chávez Toruño, Gabriel Ignacio 
100 1 |b  Chévez Angulo, Michael Bryang 
245 1 0 |a Sistema de información web para la gestión de cursos libres en la Facultad de Ciencias y Sistemas 
260 |a Managua  |b UNI  |c 2017 
300 |a 119 p. :il. 
500 |a Contiene: anexos y CD. 
502 |a Tesis (Ingeniero de Sistemas)- UNI, 2017. 
520 3 |a La investigación presenta la implementación de un sistema web que permita la gestión de los cursos libres de la Facultad de Ciencias y Sistemas. Se diseña el sistema web aplicando la metodología de ingeniería web basada en el lenguaje de modelado unificado. 
650 7 |a SISTEMAS DE INFORMACION WEB 
650 7 |b INGENIERIA WEB 
650 7 |c INGENIERIA DE SOFTWARE 
650 7 |d DESARROLLO WEB 
650 7 |e BASES DE DATOS 
700 1 |a Tutor:  |b Espinoza Aragón, Evelyn del Carmenn 
942 |c BK  |2 ddc 
991 |a TESIS 
999 |c 15286